00308 2200133 4500001002100000005001500021035002000036245003900056100001000095260003600105082000800141084001400149990001100163INLIS00000000000242820250604100757 a0010-06250000141 aDi Bawah Lindungan Ka'bah /cHamka0 aHamka aJakarta :bBulan Bintang,c1995 a800 a800 HAM d a983624